01019nabaa22001937a 4500999001500000003000400015005001700019008004100036040000700077100003100084245009900115300001200214500003600226505031000262505008900572650003200661773011900693942001300812 c6285d6285OSt20260129001713.0190701b xxu||||| |||| 00| 0 spa d cPJ 95526aMuñoz, Ricardo A. 13aEl principio only-once en la Ley Bases : bantecedentes e implicancias /cRicardo A. Muñoz.  ap. 5-20 aCita: TR LALEY AR/DOC/432/2025  aSumario: I. Introducción. El contexto normativo.— II. Normativa vigente antes de la Ley Bases. Derecho local.— III. Antecedentes comparados del instituto.— IV. El principio en la Ley Bases: su alcance y algunas derivaciones.— V. Implicancias del principio de only-once.— VI. Palabras finales.  t¿Te interesa el texto completo? Comunicate al correo: koha@justierradelfuego.gov.ar 09211aDERECHO ADMINISTRATIVO0 0284293251dBuenos Aires : AbeledoPerrot, 2012-oDA121tDerecho administrativo. Nº 158 marzo/abril 2025z18510590 2udccANA